Loreto College Library, Kolkata
WEBOPAC (ONLINE PUBLIC ACCESS CATALOGUE)

Doctor Zhivago (Record no. 13642)

MARC details
000 -LEADER
fixed length control field 00594nam a2200193Ia 4500
008 - FIXED-LENGTH DATA ELEMENTS--GENERAL INFORMATION
fixed length control field 131103s9999 xx 000 0 und d
040 ## - CATALOGING SOURCE
Original cataloging agency Loreto College
041 ## - LANGUAGE CODE
Language code English
082 ## - DDC | ডিউই
Classification number | বর্গসংখ্যা 891.73/PAS
Book Number | গ্রন্থাঙ্ক LCLIB/18251;copy 1
100 ## - MAIN ENTRY--PERSONAL NAME | মুখ্য সংলেখ - ব্যাক্তিনাম
Personal name | ব্যাক্তিনাম Pasternak,Boris
245 ## - TITLE STATEMENT | অাখ্যা বিবরণী
Title | অাখ্যা Doctor Zhivago
Statement of responsibility | লেখকের দায়িত্বের বিবরণ Boris Pasternak; translated by Max Hayward & Manya Harari
260 ## - IMPRINT | প্রকাশনা ক্ষেত্র
Place of publication | প্রকাশ স্থান New York
Name of publisher | প্রকাশকের নাম The Modern library
Date of publication | প্রকাশ কাল 1957
300 ## - PHYSICAL DESCRIPTION |
Page / Vol. No | পৃষ্ঠা / খন্ড সংখ্যা 559 p.
440 ## - SERIES STATEMENT |গ্রন্থমালা
Series Title | গ্রন্থমালা অাখ্যা The Modern Library Of The World's Best Books
650 ## - SUBJECT ADDED ENTRY--TOPICAL TERM | বিষয় শিরোনাম - মূল বিষয়
Topical term | মূল বিষয় Russian fiction
700 ## - ADDED ENTRY--PERSONAL NAME | অতিরিক্ত সংলেখ - ব্
Personal name | ব্যাক্তিনাম Hayward, Max;tr.
850 ## - HOLDING INSTITUTION
Holding institution LCLIB/891.73/PAS
942 ## - ADDED ENTRY ELEMENTS (KOHA)
Koha item type Books
Holdings
Withdrawn status Lost status Damaged status Not for loan Home library Current library Date acquired Total Checkouts Full call number Accession No. Date last seen Price effective from Koha item type Date checked out
        Loreto College Loreto College 04/11/2013   891.73/PAS LCLIB/18251;copy 1 B13669 04/11/2013 04/11/2013 Books  
        Loreto College Loreto College 04/11/2013 1 891.73/PAS LCLIB/18251;copy 1 B27003 03/01/2024 04/11/2013 Books 22/12/2023